| 000 | 01609cam a2200457 a 4500 | ||
|---|---|---|---|
| 999 |
_c7453 _d7453 |
||
| 001 | 991017423179706706 | ||
| 003 | OSt | ||
| 005 | 20211130114829.0 | ||
| 008 | 150714s2015 spca||| ||||i0|0 0ccat|c | ||
| 015 |
_aLL2015 _2bnc |
||
| 017 |
_aDL B 3714-2015 _bBiblioteca de Catalunya |
||
| 020 | _a9788472461055 (Albertí) | ||
| 020 | _a9788498506532 (Ajuntament de Barcelona) | ||
| 035 | _a(ES-BaCBU)b63721211-34csuc_network | ||
| 035 | _a(ES-BaCBU).b63721211 | ||
| 035 | _a(ccuc001)b63721211 | ||
| 035 | _a(OCoLC)945676100 | ||
| 040 |
_aES-BaCBU _bcat _cES-BaCBU _dCDMR |
||
| 043 |
_ae-sp--- _be-spc-- _2catmarc |
||
| 080 |
_a929 _x-055.2 _x(460.23) _22004 |
||
| 100 |
_aAlbertí, Elisenda _94661 |
||
| 245 | 1 | 0 |
_aCompromeses : _bvuit dones catalanes excepcionals / _cElisenda Albertí |
| 260 |
_aBarcelona : _bAlbertí : _bAjuntament de Barcelona, _c2015 |
||
| 300 |
_a204 p. : _bil. ; _c23 cm |
||
| 490 | 1 | _aOrígens de Albertí | |
| 600 | 1 | 7 | _aYarza, Nativitat |
| 600 | 1 | 0 |
_aMorales, María Luz _2cantic _92857 |
| 600 | 1 | 7 |
_aBargalló, Maria Dolors _2cantic |
| 600 | 1 | 7 |
_aColomer, Mari Pepa, _2cantic |
| 600 | 1 | 7 |
_aGallinat, Enriqueta, _2cantic |
| 600 | 1 | 7 |
_aXirgu, Margarida, _2cantic |
| 600 | 1 | 0 |
_aPolo, Irene _2cantic _91506 |
| 600 | 1 | 7 |
_aBadia, Conxita, _2cantic |
| 650 | 0 |
_aDones periodistes _zCatalunya _xBiografia. _92913 |
|
| 650 | 0 |
_aDones _zCatalunya _xBiografia _94715 |
|
| 830 | 0 | _aOrígens (Albertí Editor) | |
| 907 |
_a.b63721211 _b22-06-21 _c14-07-15 _d30-11-15 _em _fa _g- _hcat _ispc _j0 _k2 |
||
| 908 |
_aAHCB _aCDMAE _aBC _aUB _aANC _aICD _aCBAB _aURV |
||
| 940 | _aBC | ||
| 942 |
_2udc _cMON |
||